| Tag |
First Indicator |
Second Indicator |
Subfields |
| LEADER |
00000cam a2200000 i 4500 |
| 001 |
in00000053246 |
| 005 |
20151007070149.0 |
| 008 |
781130r19511946nyuaf b 00100 eng d |
| 035 |
|
|
|a (OCoLC)04409262
|
| 035 |
|
|
|9 AAE3466AM
|
| 040 |
|
|
|a MOA
|c MOA
|d TXA
|d UtOrBLW
|
| 049 |
|
|
|a TXAM
|c [187907]
|
| 090 |
|
|
|a QE508
|b .Z4 1951
|
| 092 |
|
|
|a 550.1
|b Z62d2
|
| 100 |
1 |
|
|a Zeuner, Frederick Everard,
|d 1905-1963.
|
| 245 |
1 |
0 |
|a Dating the past :
|b an introduction to geochronology /
|c by Frederick E. Zeuner ... With 24 plates and 103 diagrams.
|
| 264 |
|
1 |
|a New York :
|b Longmans, Green and co.,
|c 1951.
|
| 300 |
|
|
|a xviii, 474 pages, 24 leaves of plates :
|b illustrations, maps, diagrams ;
|c 23 cm.
|
| 336 |
|
|
|a text
|b txt
|2 rdacontent
|
| 337 |
|
|
|a unmediated
|b n
|2 rdamedia
|
| 338 |
|
|
|a volume
|b nc
|2 rdacarrier
|
| 500 |
|
|
|a "First published in 1946."
|
| 504 |
|
|
|a Bibliography : pages 405-450.
|
| 650 |
|
0 |
|a Geological time.
|
| 650 |
|
0 |
|a Archaeology.
|
| 999 |
|
|
|a MARS
|
| 999 |
f |
f |
|s a40c775b-4e48-3fdd-8d28-3002441c117e
|i e4f84da9-c036-3dcc-8ef6-1e11e1da4d31
|t 0
|
| 952 |
f |
f |
|p ric
|a Texas A&M University
|b Rellis Campus
|c Joint Library Facility
|d Remote Storage
|t 0
|e QE508 .Z4 1951
|h Library of Congress classification
|i unmediated -- volume
|m A14800949065
|
| 998 |
f |
f |
|a QE508 .Z4 1951
|t 0
|l Remote Storage
|